| 000 | 00000nas 2200000za 4500 |
| 001 | 9.858901 |
| 003 | CaOODSP |
| 005 | 20250509081913 |
| 007 | cr ||||||||||| |
| 008 | 180711c20129999onc x m o f0###a0fre|d |
| 040 | |aCaOODSP|bfre |
| 041 | 1 |aeng|afre |
| 043 | |an-cn--- |
| 086 | 1 |aM41-11-PDF |
| 130 | 0 |aScientific presentation (Geological Survey of Canada)|lAnglais & français. |
| 245 | 00|aScientific presentation |h[ressource électronique] / |cGeological Survey of Canada = Présentation scientifique / Commission géologique du Canada. |
| 246 | 11|aPrésentation scientifique |
| 260 | |a[Ottawa] : |bGeological Survey of Canada = Commission géologique du Canada, |c[2012]- |
| 310 | |aIrrégulier |
| 500 | |aQuelques numéros publiés séparément en anglais et en français. |
| 546 | |aTexte en anglais et en français. |
| 692 | 07|2gccst|aGéologie |
| 692 | 07|2gccst|aInformation scientifique |
| 710 | 1 |aCanada. |bRessources naturelles Canada. |
| 710 | 2 |aCommission géologique du Canada. |
| 775 | 08|tPrésentation scientifique |w(CaOODSP)9.836611 |
| 791 | |tScientific presentation |eeng|w(CaOODSP)9.858893 |